Mountains by Picture #2 - Statistics

General Stats
  • This quiz has been taken 172 times
  • The average score is 5 of 12
Answer Stats
Picture Hint Answer % Correct
North America Mount Rushmore
93%
Oceania Uluru
86%
North America Mount Rainier
66%
Europe Mount Vesuvius
64%
Europe Mount Etna
57%
South America Mount Fitz Roy
31%
Asia Annapurna
22%
South America Cotopaxi
14%
Europe Kirkjufell
14%
North America Popocatepetl
10%
North America The Pitons
7%
Asia Mount Kinabalu
5%
No matching quizzes found
Score Distribution
Percent of People with Each Score
Percentile by Number Answered
Your Score History
You have not taken this quiz